Представление документа в формате RUSMARC

ПолеНазваниеЗначение
  Тип записи a
  Библиографический уровень m
001 Контрольный номер RU/УОНБ/EK/481477709
005 Дата корректировки 20260427164210.4
010 Индекс ISBN __
d Цена 1 р. 30 к.
9 Тираж 25000 экз.
b Уточнения в пер.
100 Данные общей обработки __
a Данные общей обработки 20150404d1982 u y0rusy0189||||ca
101 Язык документа 0_
a Язык текста rus
102 Страна публикации __
a Страна публикации RU
105 Кодированные данные (монография) __
a Кодированные данные (монография) a z 001yy
200 Заглавие и сведения об ответственности 1_
a Заглавие Современное изобразительное искусство Ирака
e Сведения, относящиеся к заглавию (1900-е - 1970-е гг.)
f Первые сведения об ответственности А.А. Богданов
210 Выходные данные 1_
a Место издания Ленинград
c Издательство Искусство, Ленинградское отделение
d Дата издания 1982
215 Физическое описание __
a Объем 184 с.
c Иллюстрации/тип воспроизводства ил.
d Формат 17 см
320 Библиография __
a Библиография Библиогр.: с. 183
320 Библиография __
a Библиография Библиогр. в примеч. с. 163-166 (51 назв.)
606 Тематические рубрики 0_
a Основная рубрика Иракское изобразительное искусство
610 Ключевые слова 0_
a Ключевые слова изобразительное искусство Ирака
686 Индексы других классификаций __
a Классификационный индекс 85.103(5)
2 Код системы rubbk
700 Автор _1
a Фамилия Богданов
b Имя (инициалы) А.А.
g Полное личное имя Анатолий Андреевич
801 Источник записи _0
a Страна RU
b Организация Ульяновская ОНБ
c Дата составления 20150404
g Правила каталогизации RCR
801 Источник записи _1
a Страна RU
b Организация Ульяновская ОНБ
c Дата составления 20150404
g Правила каталогизации RCR
901 Тип документа __
t Тип документа m
909 Создатель записи __
a Создатель записи Хрипач
938 Служебная информация __
a Имя БД retro
b Имя библиотеки УОНБ
c Имя АИБС МАРК-SQL
d Номер DOC_ID в БД 137206